| 000 | 00639nam a22001697a 4500 | ||
|---|---|---|---|
| 999 |
_c331483 _d331483 |
||
| 003 | NUST | ||
| 005 | 20170929114145.0 | ||
| 008 | 170929b xxu||||| |||| 00| 0 eng d | ||
| 040 | _c0 | ||
| 082 | _a628 EPA | ||
| 245 | _aHandbook Septage Treatment and Disposal | ||
| 260 |
_aUSA _bEPA _c1984 |
||
| 300 | _a300p. | ||
| 500 | _aP.B | ||
| 942 |
_2ddc _cBK _kIESE |
||